Statistics for How Much Do You Know About Spanish?

Click here to take the quiz!

General Stats

  • This quiz has been taken 30 times
  • The average score is 7 of 10

Answer Stats

QuestionAnswer% Correct
Which peninsula did Spanish originate on?Iberian Peninsula
96%
What are the two major dialects of Spanish in Spain?Andalusian and Castilian
93%
Which of these countries does NOT have Spanish as an official language?Brazil
93%
What country has the most native Spanish speakers?Mexico
89%
What language is Spanish descended from?Vulgar Latin
89%
What modern day U.S. state was the first place the Spaniards landed?Florida
71%
How many letters are in the Spanish alphabet not counting "ch" and "ll"?27
64%
How many people in the world speak Spanish?437 million
64%
When did Spain lose its last colony in the Americas"1898
39%
Where did written Spanish originate?Toledo
36%

Score Distribution

Percentile by Number Answered

Percent of People with Each Score

Your Score History

You have not taken this quiz